000
00267nam a2200109Ia 4500
008
190907s9999||||xx |||||||||||||| ||und||
100
_a
Berkley Rouse
245
4
_a
The Craft of Public administration
260
_a
USA
_b
McGraw-Hill
_c
1991
300
_a
437
942
_c
BK
999
_c
6319
_d
6319